• 首页
  • 本馆介绍
  • 公告通知
  • 最新文献
  • 馆藏检索
  • 电子资源
  • 读者导购
  • 参考咨询
  • 我的图书馆
  • 登录
  • 详细信息显示
  • 放入我的书架
  • 预约/预借图书
  • 作者相关作品
  • 分类相关作品
  • 丛书相关作品
  • 出版社相关作品

书目信息

  • 表格格式
  • 工作单格式
  • 卡片格式
题名:
凸优化理论
    
 
作者: 伯塞卡斯 著 ;赵千川 , 王梦迪 译
分册:  
出版信息: 北京   清华大学出版社  2020.1
页数: 15,230页
开本: 24cm
丛书名:
单 册:
中图分类: O174.13
科图分类:
主题词: 凸分析--教材
电子资源:
ISBN: 978-7-302-39956-8
000 01203nam0 2200301 45
001 012001000579
005 20140911155329.0
010    @a978-7-302-39956-8@dCNY59.00
100    @a20151126d2015 em y0chiy50 ea
101 1  @achi@ceng
102    @aCN@b110000
105    @ay z 000yy
106    @ar
200 1  @a凸优化理论@Atu you hua li lun@b专著@dConvex optimization theory@f(美)Dimitri P. Bertsekas著@g赵千川,王梦迪译@zeng
210    @a北京@c清华大学出版社@d2020.1
215    @a15,230页@d24cm
300    @a信息技术和电气工程学科国际知名教材中译本系列
300    @a并列题名:Convex optimization theory
305    @aAthena Scientific授权出版
330    @a本书论述了凸分析及其与优化的联系,优化与极小极大问题的对偶理论,特别是在凸性框架中的情形。主要内容包括凸分析的基本概念、多面体凸体、凸优化的基本概念、对偶原理的几何框架、对偶性在优化中的运用等。
510 1  @aConvex optimization theory@zeng
606 0  @a凸分析@j教材
690    @aO174.13@v5
701  0 @c(美)@a伯塞卡斯@Abo sai ka si@c(Bertsekas, Dimitri P.)@4著
702  0 @a赵千川@Azhao qian chuan@4译
702  0 @a王梦迪@Awang meng di@c(运筹学)@4译
801  0 @aCN@bBJSDL@c20211011
905    @b1331765-8@dO174.13@e251@f4
    
    凸优化理论=Convex optimization theory/(美)Dimitri P. Bertsekas著/赵千川,王梦迪译.-北京:清华大学出版社,2020.1
    15,230页;24cm
    信息技术和电气工程学科国际知名教材中译本系列.-并列题名:Convex optimization theory
    
    ISBN 978-7-302-39956-8:CNY59.00
    本书论述了凸分析及其与优化的联系,优化与极小极大问题的对偶理论,特别是在凸性框架中的情形。主要内容包括凸分析的基本概念、多面体凸体、凸优化的基本概念、对偶原理的几何框架、对偶性在优化中的运用等。
●
相关链接 在E读中查询图书 在五车中查询图书 在当当中查询图书 在豆瓣中查询图书


正题名:凸优化理论     索取号:O174.13/251         预约/预借

序号 登录号 条形码 馆藏地/架位号 状态 备注
1 1331765   213317659   第二样本阅览室/ [索取号:O174.13/251] 在馆    
2 1331766   213317668   第三借阅区/ [索取号:O174.13/251] 在馆    
3 1331767   213317677   第三借阅区/ [索取号:O174.13/251] 在馆    
4 1331768   213317686   第三借阅区/ [索取号:O174.13/251] 在馆    
唐山师范学院图书馆 欢迎您!
大连网信软件有限公司© 版权所有